[Event "POL-chT 66th"]
[Site "Katowice"]
[Date "2010.09.05"]
[Round "2"]
[White "Navara, David"]
[Black "Wojtaszek, Radoslaw"]
[Result "0-1"]
[WhiteElo "2722"]
[BlackElo "2711"]
[Annotator "Primel,D"]
[PlyCount "80"]
[EventDate "2010.09.04"]
[EventType "team-tourn"]
[EventRounds "9"]
[EventCountry "POL"]
[SourceTitle "EXT 2016"]
[Source "ChessBase"]
[SourceDate "2015.10.08"]
[SourceVersion "1"]
[SourceVersionDate "2015.10.08"]
[SourceQuality "1"]
[WhiteTeam "Katowice Szopienice"]
[BlackTeam "Wroclaw Polonia"]
[WhiteTeamCountry "POL"]
[BlackTeamCountry "POL"]

1. c4 Nf6 2. Nc3 e6 3. e4 d5 (3... c5 {L'alternative dans cette variante
Mikenas} 4. e5 Ng8 5. Nf3 Nc6 6. d4 cxd4 7. Nxd4 Nxe5 8. Bf4 Ng6 9. Bg3 a6 10.
Qd2 (10. Qa4) 10... Nf6 11. O-O-O Bb4 12. Bd3 O-O 13. Nc2 Be7 14. Be2 e5 {
Jussupow,A (2490)-Bakulin,N (2275) URS Soviet Union 1979 1-0} (14... d5 15. h4
dxc4 16. h5 Qxd2+ 17. Rxd2 Nh8 18. Bf3 $32 {Youssoupov})) 4. e5 (4. cxd5 exd5
5. e5) 4... d4 (4... Ne4 $5 5. Nf3 Nc6 6. d4 Bb4 {Transpose dans une Ragozin}
7. Qc2 {[%csl Rc7]} f5 8. exf6 Qxf6 9. a3 Bxc3+ 10. bxc3 $14 {[%csl Gc1,Rc8,
Gf1][%cal Gf1d3];Ivanchuk,V (2710)-Aronian,L (2649) Warsaw AIG Life rapid sf
2003 (1) 1-0}) 5. exf6 dxc3 6. bxc3 Qxf6 7. Nf3 (7. d4 c5 (7... e5)) 7... b6 (
7... e5 {La grande ligne} 8. d4 exd4 9. Bg5 Qe6+ 10. Be2 Be7 11. cxd4 Bxg5 12.
Nxg5 Qg6 13. f4 O-O 14. O-O Nc6 15. d5 Ne7 16. Qd2 Qb6+ 17. Kh1 Nf5 18. Bd3 h6
19. Nf3 c6 20. Rab1 $14 {Grachev,B (2669)-Wojtaszek,R (2721) Lublin 3rd 2011 
(2) 1/2}) 8. d4 Bb7 (8... h6 {Contrôle l'importante case "g5" mais c'est
très lent}) 9. Bd3 (9. Be2 h6) 9... Bxf3 {Le polonais a tenté d'améliorer
03 ans plus tard avec h6} (9... h6 10. O-O (10. Qe2 Bd6 11. Be4 c6 12. a4)
10... Bxf3 11. Qxf3 Qxf3 12. gxf3 Nc6 13. c5 Na5 14. Bf4 Kd7 15. Rfd1 Be7 16.
c6+ Nxc6 17. d5 exd5 18. Bf5+ Ke8 19. Rxd5 Rd8 20. Rad1 Bd6 21. Bxd6 cxd6 22.
Rxd6 Rxd6 23. Rxd6 Nb8 24. Rd4 Ke7 25. Rc4 Kd6 26. Rd4+ Ke7 27. Rc4 Kd6 28.
Rd4+ {1/2-1/2 (28) Movsesian,S (2695)-Wojtaszek,R (2700) Loo 2013}) (9... Bd6
$6 10. Bg5 Bxf3 11. Qd2 Bf4 12. Bxf4 Bxg2 13. Rg1 Bb7 14. Be5 $40 {Miles,A 
(2555)-Sosonko,G (2530) IBM Amsterdam 1977 (13) 1/2}) 10. gxf3 (10. Qxf3 Qxf3
11. gxf3 Bd6 $11 {Palac,M (2579)-Saric,A (2540) CRO-ch 13th Plitvicka Jezera
2013 (11) 1/2}) 10... Nd7 11. Be4 {Il y a peu de parties dans les bases avec
l'échange 9. Bf3} (11. Qe2 Rd8) (11. Be3) 11... Rd8 12. h4 {[%cal Gc1g5]} (12.
Rg1 h6 {Iordachescu,V (2582)-Gajewski,G (2653) EU-ch 14th Legnica 2013 (7) 1-0}
) 12... h6 13. Qa4 {La Qa4 est un peu hors-jeu} Bd6 14. Be3 (14. Bc6 $6 {
[%csl Rd7,Re8][%cal Ga4e8]} O-O $1 (14... e5 $5 15. Be3 exd4 16. cxd4 Qe6 {
[%cal Ge6e1,Ge8g8,Ge6d7]} 17. Qxa7 $2 (17. Ke2 O-O $15 {[%csl Ra4,Re2]}) 17...
Bb4+) 15. Bxd7 $4 Qxf3 {[%csl Ra1,Rc3,Re1]} 16. Bd2 (16. Rf1 Qxc3+) 16... Qxh1+
) 14... O-O 15. Qxa7 {Gagne un P mais la Q doit perdre au minimum trois tempi
pour revenir en jeu et avec un K Blanc bloqué au centre, c'est assez risqué.}
Qe7 $1 {[%cal Gf7f5,Gd8a8,Ge6e5,Ge7e1]} 16. Qa4 $8 (16. Kd2 f5 17. Bc6 Nb8 18.
Bb5 f4) 16... c5 17. Rb1 e5 $44 {[%csl Re1] La paire de B des Blancs n'est pas
très utile et le K Blanc manque de bonnes cases de protection.} 18. Kf1 exd4
19. cxd4 cxd4 20. Bxd4 {La paire de B s'est activée mais au détriment de la
sécurité du K Blanc} Bc5 $1 {Menace d'échanger la meilleure pièce Blanche}
21. Re1 {[%cal Ge4h7]} Qd6 22. Bc3 Nf6 23. Be5 $1 Qe6 24. Bg3 $6 {[%csl Rg3]} (
24. Qc2 $142 {[%cal Gc2e4]} Nxe4 25. Rxe4 Qc6 26. Rg1 $13 {[%cal Ge5g7]} f6 27.
Ba1 {Ce B est mieux placé sur cette grande diagonale plutôt qu'en "g3"})
24... Nxe4 25. Rxe4 Qg6 26. h5 Qg5 27. Bf4 Qf5 28. Qb3 {Illustrant les
difficultés du plan d'attaque des Blancs à l'aile-dame qui est trop lent} (
28. Qc2) 28... Rfe8 $1 29. Rxe8+ $6 (29. Qb1 {[%cal Gb1e4] Semble plus solide})
29... Rxe8 $32 {[%csl Rf1,Rh1]} 30. Bg3 Rd8 $1 $40 {[%csl Rb3,Rf3][%cal Gd8d3]}
31. Ke2 $8 {[%csl Rh1] La Rh3 reste une témoin impuissante et le courageux
Ke2 peut difficilement survivre dans les courants d'air.} (31. Kg2 Rd3) 31...
Qe6+ (31... Bb4 $3 32. Qxb4 Qd3+ 33. Ke1 Qd1#) 32. Kf1 Rd2 33. Kg2 Qe2 34. Qb1
$2 {29.Qb1 aurait aussi éviter de perdre un tempo important} (34. Rf1 $2 Rd3)
(34. Qa4 $8 Bxf2 35. Qa8+ Kh7 36. Qe4+ {[%cal Ge4e2,Ge4h7] Avec peut-être une
transposition en finale de R} Qxe4 37. fxe4 Bc5+ (37... Bxg3+ 38. Kxg3 Rxa2 39.
Kf4 {[%csl Gf4,Rh7] Et les Blancs ont des bonnes chances de nulle malgré le P
de moins.}) 38. Kf3 Rxa2) 34... Rd3 35. Qe1 Qxf3+ 36. Kh2 Qxh5+ 37. Kg2 Qf3+
38. Kh2 f5 39. Rf1 Kh7 40. Rg1 f4 0-1

[Event "Rohde op 12th"]
[Site "Sautron"]
[Date "2012.11.01"]
[Round "7"]
[White "Lagarde, Maxime"]
[Black "Arnaudov, Petar G"]
[Result "1-0"]
[WhiteElo "2501"]
[BlackElo "2471"]
[Annotator "RR"]
[PlyCount "155"]
[EventDate "2012.10.27"]
[EventType "swiss"]
[EventRounds "9"]
[EventCountry "FRA"]
[SourceTitle "EXT 2014"]
[Source "ChessBase"]
[SourceDate "2013.11.20"]
[SourceVersion "1"]
[SourceVersionDate "2013.11.20"]
[SourceQuality "1"]
[TimeControl "40/5400+30:1800+30"]
[WhiteClock "1:30:00"]
[BlackClock "1:30:00"]

1. c4 {[%emt 0:00:00]} Nf6 {[%emt 0:00:00]} 2. Nc3 {[%emt 0:00:00]} e6 {
[%emt 0:00:00]} 3. e4 {[%emt 0:00:01]} d5 {[%emt 0:00:17]} (3... c5 {
L'alternative dans cette variante Mikenas}) 4. e5 {[%emt 0:00:07]} (4. cxd5
exd5 5. e5) 4... d4 {[%emt 0:00:03]} 5. exf6 {[%emt 0:00:04]} dxc3 {[%emt 0:00:
05]} 6. bxc3 {[%emt 0:00:07]} Qxf6 {[%emt 0:00:04]} 7. Nf3 {[%emt 0:00:04]} (7.
d4 c5) 7... e5 {[%emt 0:00:15]} (7... b6 8. d4 Bb7 9. Bd3 (9. Be2)) 8. Bd3 {
[%emt 0:00:06]} (8. d4) 8... Nc6 $6 {[%emt 0:10:56]} (8... Na6 {[%cal Ga6c5]
Plus souple} 9. O-O Bd6 10. Bc2 Bg4 11. d4 Bxf3 12. Qxf3 Qxf3 13. gxf3 O-O-O (
13... exd4 14. Re1+) 14. c5 Bf8 15. Bg5 f6 16. Be3 exd4 17. cxd4 Nb4 18. Bf5+
Kb8 $11 {Hauchard,A (2518)-Delgado Ramirez,N (2506) Capablanca Memorial
Premier II 37th 2002 (5) 1/2}) (8... Bd6 9. O-O) 9. O-O {[%emt 0:01:43]} Bf5 {
[%emt 0:00:29]} (9... Bc5 $5) (9... Bd6 10. Rb1 {[%csl Rb7]} O-O 11. Be4 Bf5 $1
12. Bxf5 Qxf5 13. Rxb7 Na5 $11 {[%cal Ga5c4,Ga5b7]}) 10. Bxf5 {[%emt 0:03:58]}
Qxf5 {[%emt 0:01:17]} 11. d4 {[%emt 0:03:53]} O-O-O {[%emt 0:05:51] Un plan
risqué} 12. Be3 {[%emt 0:13:01]} f6 $146 {[%emt 0:15:31]} (12... Bd6 13. Rb1 e4
14. Nd2 {Stripunsky,A (2553)-Garcia,G (2461) Montreal-B 5th 2004 (6) 1/2}) 13.
Rb1 {[%emt 0:03:31][%csl Rb7][%cal Gd1b3]} b6 {[%emt 0:01:12]} 14. Qa4 {
[%emt 0:07:42]} (14. c5 $5 exd4 15. cxd4) 14... Kb7 {[%emt 0:00:11]} 15. d5 {
[%emt 0:05:25]} (15. c5) 15... Nb8 {[%emt 0:00:42]} 16. Nd2 {[%emt 0:03:17]
[%cal Gd2b3,Gb3a5]} Qd7 {[%emt 0:02:27]} 17. Qc2 {[%emt 0:01:52]} Na6 {[%emt 0:
05:00]} 18. Rb5 {[%emt 0:13:33]} c6 {[%emt 0:16:09]} 19. dxc6+ {[%emt 0:01:13]}
Qxc6 {[%emt 0:00:06]} 20. a4 {[%emt 0:01:46]} Kc7 {[%emt 0:04:00]} 21. a5 $36 {
[%emt 0:06:27]} Bc5 {[%emt 0:00:39]} 22. Bxc5 {[%emt 0:00:39]} Nxc5 {[%emt 0:
00:11]} 23. axb6+ {[%emt 0:00:08]} axb6 {[%emt 0:00:05]} 24. Rfb1 $40 {[%emt 0:
00:17]} Rb8 {[%emt 0:05:31][%csl Rb8]} 25. Nf1 $1 {[%emt 0:01:28][%cal Gf1e3,
Ge3d5] Ramenant une pièce supplémentaire en attaque} g6 {[%emt 0:14:18]} 26.
Ne3 $40 {[%emt 0:04:57][%csl Gd5]} Rhd8 {[%emt 0:00:58]} 27. Nd5+ {[%emt 0:00:
59]} Rxd5 {[%emt 0:00:04]} 28. cxd5 {[%emt 0:00:04]} Qxd5 {[%emt 0:00:05]} 29.
Qb2 {[%emt 0:00:39]} Qc6 {[%emt 0:01:41]} 30. Qa2 {[%emt 0:01:05]} Ne6 {
[%emt 0:01:04]} 31. h4 {[%emt 0:05:32]} Ra8 {[%emt 0:01:19]} 32. Qb3 {[%emt 0:
01:18]} Rb8 {[%emt 0:02:52]} 33. Rb4 {[%emt 0:01:52]} Rb7 {[%emt 0:00:38]} 34.
h5 {[%emt 0:04:35]} gxh5 {[%emt 0:00:34]} 35. Rc4 {[%emt 0:00:22]} Nc5 {
[%emt 0:00:10]} 36. Qd1 {[%emt 0:00:11]} b5 {[%emt 0:04:09]} 37. Rcb4 {[%emt 0:
06:34]} Ne4 {[%emt 0:03:37]} 38. R4b3 {[%emt 0:01:05]} (38. Qxh5 Nxc3) 38...
Nc5 {[%emt 0:02:29]} 39. Ra3 {[%emt 0:02:23]} Ne6 {[%emt 0:00:59]} 40. Qxh5 $2
{[%emt 0:00:00]} Qxg2+ $1 {[%emt 0:00:00]} 41. Kxg2 {[%emt 0:02:09]} Nf4+ {
[%emt 0:00:25]} 42. Kf3 {[%emt 0:02:06]} Nxh5 {[%emt 0:00:06]} 43. Rab3 {
[%emt 0:11:26]} (43. Rh1 {[%cal Gh1h7]} Nf4 44. Rxh7+ Kb6 45. Rxb7+ Kxb7) 43...
Kc6 {[%emt 0:00:29]} 44. c4 {[%emt 0:00:05]} b4 {[%emt 0:00:56]} 45. Rxb4 {
[%emt 0:00:05]} Rxb4 {[%emt 0:00:04]} 46. Rxb4 {[%emt 0:00:03]} Kc5 {[%emt 0:
00:07]} 47. Rb7 {[%emt 0:00:45]} Kxc4 {[%emt 0:00:42]} 48. Ke4 {[%emt 0:03:40]}
Kc5 {[%emt 0:00:42]} 49. Rxh7 {[%emt 0:01:54]} Nf4 {[%emt 0:00:07]} 50. Rd7 $1
{[%emt 0:02:11] Coupant le K} Nh3 {[%emt 0:05:40]} 51. Rd2 {[%emt 0:00:18]}
Ng5+ {[%emt 0:00:51]} 52. Kf5 {[%emt 0:01:39]} Kc4 {[%emt 0:00:29]} 53. Ra2 {
[%emt 0:01:53]} Kd4 {[%emt 0:02:26]} 54. Kxf6 {[%emt 0:01:33]} Ne4+ {[%emt 0:
00:24]} 55. Kf5 {[%emt 0:00:31]} Nd6+ {[%emt 0:00:10]} 56. Kg4 {[%emt 0:03:55]}
Kd5 {[%emt 0:00:20]} 57. Re2 {[%emt 0:00:42]} Ne4 {[%emt 0:00:58]} 58. Kf3 {
[%emt 0:01:18]} Ng5+ {[%emt 0:00:45]} 59. Ke3 {[%emt 0:00:13]} Ne4 {[%emt 0:00:
19]} 60. Rc2 {[%emt 0:00:15]} Nd6 {[%emt 0:00:12]} 61. Kf3 {[%emt 0:00:36]} Ke6
{[%emt 0:01:59]} 62. Kg4 {[%emt 0:00:08]} Ne4 {[%emt 0:01:08]} 63. Re2 {
[%emt 0:00:16]} Kd5 {[%emt 0:00:13]} 64. f3 {[%emt 0:01:24]} Nd6 {[%emt 0:00:
20]} 65. Kg5 {[%emt 0:00:00]} e4 {[%emt 0:23:19]} 66. f4 $18 {[%emt 0:01:06]}
Nb5 {[%emt 0:00:18]} 67. f5 {[%emt 0:01:43]} Nd4 {[%emt 0:00:14]} 68. Ra2 {
[%emt 0:01:53]} e3 {[%emt 0:00:41]} 69. f6 {[%emt 0:00:34]} e2 {[%emt 0:00:28]}
70. Ra1 {[%emt 0:00:10]} Nf3+ {[%emt 0:02:29]} 71. Kg6 {[%emt 0:02:03]} Kd4 {
[%emt 0:00:36]} 72. Kf5 {[%emt 0:01:10]} Nh4+ {[%emt 0:01:29]} 73. Kg5 {
[%emt 0:04:24]} Nf3+ {[%emt 0:00:04]} 74. Kf4 {[%emt 0:00:26]} Ne5 {[%emt 0:00:
35]} 75. Ra4+ {[%emt 0:02:03]} Kd3 {[%emt 0:00:52]} 76. Ra3+ {[%emt 0:00:14]}
Kd4 {[%emt 0:00:14]} 77. Re3 {[%emt 0:00:42]} Ng4 {[%emt 0:00:47]} 78. Re4+ {
[%emt 0:00:23]} 1-0

[Event "Interzonal-15"]
[Site "Manila"]
[Date "1990.??.??"]
[Round "7"]
[White "Sunye Neto, Jaime"]
[Black "Juarez Flores, Carlos Armando"]
[Result "1/2-1/2"]
[WhiteElo "2465"]
[BlackElo "2425"]
[Annotator "Ribli,Z"]
[PlyCount "136"]
[EventDate "1990.06.29"]
[EventType "swiss"]
[EventRounds "13"]
[EventCountry "PHI"]
[SourceTitle "CBM 019"]
[Source "ChessBase"]
[SourceDate "1990.12.01"]
[SourceVersion "1"]
[SourceVersionDate "1990.12.01"]
[SourceQuality "1"]

1. c4 Nf6 2. Nc3 e6 3. e4 d5 4. e5 d4 5. exf6 dxc3 6. bxc3 Qxf6 7. Nf3 e5 $5 (
7... c5 8. d4 $1) 8. Bd3 Bd6 9. O-O O-O 10. Re1 Nc6 11. Qc2 h6 12. Be4 Bd7 13.
Rb1 b6 14. d4 Rae8 15. c5 $5 bxc5 16. d5 Ne7 17. Rb7 a5 18. Nd2 Qh4 19. Nc4 Bc8
$1 20. g3 Qg4 21. Ne3 Qh5 22. Ra7 f5 $1 23. Bh1 e4 24. Nc4 Nxd5 25. Qd2 Be6 26.
Bg2 Rd8 27. Nxd6 cxd6 28. Rxa5 Nb6 29. Ra6 Nc4 30. Qd1 Qf7 $17 31. Qa4 Ne5 32.
Bf4 Nd3 33. Rd1 Nb2 34. Qc2 Nxd1 $19 35. Qxd1 Bxa2 36. Rxd6 Rxd6 37. Qxd6 Qd5
38. h4 Qxd6 39. Bxd6 Rc8 40. g4 Be6 41. gxf5 Bxf5 42. Kh2 Kf7 43. Bf1 g5 44.
hxg5 hxg5 45. Bc4+ Be6 46. Be2 Kf6 47. Kg3 Rc6 48. Bb8 Rb6 49. Ba7 Rb2 50. Bf1
c4 51. Bd4+ Ke7 52. Be3 Rc2 53. Bxg5+ Kf7 54. Be3 Rxc3 55. Kf4 Bd5 56. Bg2 Rd3
57. Bxe4 Bxe4 58. Kxe4 Rd1 59. Bd4 Ke6 60. Bc3 Kd6 61. f4 Rd3 62. Bb4+ Ke6 63.
f5+ Kf6 64. Ba5 Rh3 65. Kd4 Rh4+ 66. Kd5 Kxf5 67. Bc3 Rh3 68. Kxc4 Ke4 {Ribli}
1/2-1/2

[Event "Bundesliga 0304"]
[Site "Germany"]
[Date "2004.03.28"]
[Round "13.5"]
[White "Hertneck, Gerald"]
[Black "Nguyen, Chi Minh"]
[Result "1/2-1/2"]
[WhiteElo "2524"]
[BlackElo "2375"]
[Annotator "Ribli,Z"]
[PlyCount "162"]
[EventDate "2003.11.01"]
[EventType "team-tourn"]
[EventRounds "15"]
[EventCountry "GER"]
[SourceTitle "CBM 100"]
[Source "ChessBase"]
[SourceDate "2004.06.01"]
[SourceVersion "1"]
[SourceVersionDate "2004.06.01"]
[SourceQuality "1"]
[WhiteTeam "Tegernsee"]
[BlackTeam "St Ingbert"]
[WhiteTeamCountry "GER"]
[BlackTeamCountry "GER"]

1. c4 Nf6 2. Nc3 e6 3. e4 {Der deutsche Großmeister spielt die sogenannte
Mikenas-Variante, die eine sehr scharfe Variante in der Englischen Eröffnung
darstellt.} d5 {Heutzutage ist diese Fortsetzung viel populärer als die
Alternative 3...c5, die auch spielbar ist.} 4. e5 d4 5. exf6 dxc3 6. bxc3 Qxf6
7. d4 (7. Nf3 e5 8. Bd3 {Diese Spielweise kommt auch in Betracht. Weiß spielt
noch nicht d2-d4 und in einigen Varianten kann er sofort den e5-Bauern
angreifen.}) 7... Nd7 {Dieser Springerzug ist gar nicht die beste Möglichkeit
für Schwarz. Die Alternative 7...c5 8.Nf3 exd4 bietet Schwarz viel bessere
Ausgleichschancen.} 8. Nf3 h6 {Schwarz verteidigt sich gegen 9.Bg5.} (8... Qd8
9. Bd3 Be7 10. O-O O-O 11. Qc2 h6 12. Qe2 Nf6 13. Re1 $14) 9. Bd3 g5 {Dieser
extravagante Zug schwächt die schwarze Königsstellung. Aber es wäre schon
schwer für Schwarz eine gute Ausgleichsmöglichkeit zu finden.} (9... c5 10. O-O
Bd6 11. Qe2 O-O (11... Qe7 12. Ne5 O-O 13. f4 Rd8 14. Rf3 Nf8 15. Rh3 cxd4 16.
cxd4 Bxe5 17. Qxe5 Qd6 18. Be3 Qxe5 19. fxe5 b6 20. Be4 Rb8 21. Rg3 Kh8 22. Rf1
Bb7 23. Bd3 Rd7 24. Rf4 Nh7 25. Rh4 f5 26. exf6 Nxf6 27. Bxh6 {1-0 Tanner,
H-Eskola,R/Finland 1992/EXT 2000 (35)}) 12. Qe4 Re8 13. Re1 Nf8 14. Ba3 Qe7 15.
Ne5 Qc7 16. Rad1 Re7 17. Bc2 Bd7 18. g3 Be8 19. Nd3 $16 {0-1 Nguyen Anh
Dung-Ghorbani,M/Shenyang 1999/EXT 2000 (40)}) 10. Be3 $14 {Weiß hat eine sehr
starke Zentrumstellung und Raumvorteil, während Schwarz Schwierigkeiten mit
der Figurenkoordination hat.} Qe7 11. O-O Bg7 12. Nd2 {[%cal Gf2f4] Weiß
möchte 13.f4 ziehen, wonach die Schwächung des schwarzen Königsflügels spürbar
wird.} e5 (12... O-O 13. f4 $16) 13. Ne4 {[%cal Ge4g3,Gg3f5]} (13. Re1 $16 {
[%cal Ge1e8]}) 13... Nf6 (13... f5 14. Ng3 f4 15. Nf5 $16) 14. Ng3 O-O 15. Qc2
$16 {[%csl Yf5][%cal Gc2h7][%mdl 32] Das f5-Feld ist ein positionelles Loch in
der schwarzen Stellung.} e4 {Schwarz opfert einen Bauern, um im Trüben zu
fischen.} 16. Nxe4 (16. Be2 $14) 16... Nxe4 17. Bxe4 f5 {Das ist die
konsequente Fortsetzung nach 15...e4, aber in folgendem bleibt die schwarze
Königsstellung sehr schwach.} 18. Bd5+ Kh8 19. Rfe1 {[%cal Ge1e7]} c6 20. Bf3
Qf7 21. Be2 f4 (21... Be6 $5 22. c5 $16 (22. f4 gxf4 23. Bxf4 Bxc4 24. Bxc4
Qxc4 25. Qd2 $16 (25. Qb3 $16))) 22. Bd2 f3 {Mit diesem zeitweiligen
Bauernopfer möchte Schwarz am Königsflügel Gegenspiel finden.} 23. Bxf3 g4 {
[%cal Gf8f2]} 24. Be4 Qxf2+ 25. Kh1 Bf5 26. Bd3 (26. Bxf5 Rxf5 27. Qb1 Raf8 28.
Be3 $16) 26... Rae8 (26... Bxd3 27. Qxd3 Rae8 28. Be3 $16) 27. Rf1 (27. Bxf5
Rxe1+ 28. Rxe1 Rxf5 29. Qd3 $16) 27... Bxd3 28. Qxd3 Qe2 29. Qxe2 Rxe2 30.
Rxf8+ Bxf8 31. Rd1 $16 {[%mdl 4096] Nach vielen Vereinfachungen haben wir eine
Stellung, in der Weiß einen Bauern mehr hat. Aber es verbleibt eine schwere
technische Aufgabe, weil er einen Doppelbauern hat und der gegnerische Turm
auf der zweiten Reihe sehr aktiv steht.} Bd6 32. c5 Bc7 33. c4 {Weiß möchte
seine Bauernmehrheit am Damenflügel mobilisieren.} b6 34. cxb6 axb6 35. Bxh6
Rxa2 36. g3 {[%cal Gh6f4,Gf4c7]} (36. d5 cxd5 37. cxd5 Bd6 38. g3 $16) 36...
Rc2 (36... Ra4 37. Rc1 Kh7 38. Be3 $16) 37. Rc1 (37. d5 $6 Rxc4 38. d6 Bd8 $11)
37... Rxc1+ (37... Re2 38. Rf1 $16) 38. Bxc1 Kg7 39. Kg2 Kf6 40. Bf4 Bd8 41.
Kf2 b5 42. d5 b4 (42... cxd5 43. cxb5 $16) 43. Ke3 (43. dxc6 b3 44. Bc1 Ke6 45.
Ke2 (45. Bb2 Kd6 46. Ke3 Kxc6 47. Kf4 Kc5 $132) 45... Bf6 $11) 43... b3 44. Kd3
cxd5 45. cxd5 Ba5 46. Bc1 Kf5 47. Kc4 Bd2 48. Bb2 Ke4 49. d6 Bg5 50. Kxb3 Kd5
51. Ba3 Be3 52. Kc3 (52. d7 Bg5) 52... Bd4+ 53. Kd3 Bb6 54. Ke2 $2 $14 {
Mit diesem Zug bereitet Weiß das Königsmanöver Kf1(f2)-Kg2 vor, wonach er
h2-h3 oder h2-h4 ziehen kann. Aber der große Nachteil des Textzuges ist, dass
der schwarze König sehr aktiv wird.} (54. Bb4 $22 Ke6 (54... Bg1 55. d7 Bb6 56.
Be7 $18) (54... Bd8 55. d7 Ke6 56. Ke4 $18) 55. Ke4 Bg1 56. Kf4 Bxh2 57. Bc5
$18 {[%csl Rh2]}) 54... Ke4 {[%csl Re2,Ge4]} 55. Bb4 Bd8 56. Kf2 Kf5 57. Kg2
Bb6 58. h3 $2 (58. Be1 $142 {[%cal Ge1f2]}) 58... gxh3+ 59. Kxh3 Bd8 60. Bd2
Ke6 61. Bf4 Kf5 62. Kg2 Ke4 {Der aktive schwarze Koenig rettet das Endspiel
für Schwarz.} 63. Kf2 Bb6+ 64. Ke2 Ba5 65. Bg5 Kf5 66. Bd2 (66. Be7 Ke6 67. g4
Bb4 68. Kf3 Bd2 $14) 66... Bb6 67. Kf3 Bc5 68. Bf4 Bb6 69. g4+ Ke6 70. Ke4 Bc5
71. g5 Bb4 72. Be5 Ba3 73. Kf4 (73. g6 Bxd6 74. Bxd6 Kf6 $11) 73... Bb4 74. Kg4
{Dieser Zug führt zum Remis.} Kxe5 $11 75. d7 Be7 76. Kh5 Ke6 77. g6 Kf6 $2 {
Entscheidender Fehler oder schlechte Partienotation (oder Zeitnotphase)?
Dieser Zug verliert sofort!} (77... Bf6 $11) 78. Kh6 $4 (78. d8=Q $1 Bxd8 79.
Kh6 $18 {Interessanterweise hat Schwarz keine Verteidigung gegen die
Bauernverwandlung.}) 78... Bf8+ 79. Kh7 Ke7 80. g7 Bxg7 81. Kxg7 Kxd7 1/2-1/2

[Event "Interzonal-15"]
[Site "Manila"]
[Date "1990.??.??"]
[Round "9"]
[White "Mascarinas, Rico"]
[Black "Juarez Flores, Carlos Armando"]
[Result "1-0"]
[WhiteElo "2465"]
[BlackElo "2425"]
[Annotator "Ribli,Z"]
[PlyCount "39"]
[EventDate "1990.06.29"]
[EventType "swiss"]
[EventRounds "13"]
[EventCountry "PHI"]
[SourceTitle "CBM 019"]
[Source "ChessBase"]
[SourceDate "1990.12.01"]
[SourceVersion "1"]
[SourceVersionDate "1990.12.01"]
[SourceQuality "1"]

1. c4 Nf6 2. Nc3 e6 3. e4 d5 4. e5 d4 5. exf6 dxc3 6. bxc3 Qxf6 7. d4 c5 (7...
e5 $5) 8. Nf3 Qd8 $2 (8... cxd4 9. Bg5 Qf5 10. cxd4 Bb4+ 11. Bd2 Qa5 12. Bd3
Nc6 13. Rb1 {Andreev-Estrin corr. 1978 25/40}) 9. Bd3 $1 cxd4 10. cxd4 Bb4+ 11.
Bd2 Bxd2+ 12. Qxd2 Nd7 13. O-O O-O 14. Qf4 Nf6 15. Ne5 Bd7 16. Rfe1 Rc8 17. Re3
$1 Bc6 18. Rh3 h6 19. Re1 Ne8 20. Ng4 {P xh6+  Ribli} 1-0